000 00430nam a2200145 i 4500
001 89279
003 ES-MaACL
007 t|
008 050105q19001919fr ||||1| fre d
245 0 0 _aLarousse mensuel illustré
_b: revue encyclopédique /
_cpublié sous la direction de Claude Augé.
260 _aParís :
_bLarousse,
_c[191-?]
300 _a4 v. ;
_c32 cm.
700 1 _aAugé, Claude.
_923878
852 _aES-MaACL
_jB-831-34
999 _c89279
_d89279